| 000 | 00862nam0a2200253 4500 | ||
|---|---|---|---|
| 001 | RU\NLR\bibl\1952536 | ||
| 005 | 20250616204238.0 | ||
| 021 |
_aRU _b2012-68780 _95044 |
||
| 035 | _a(NLR Aleph) 001941657 | ||
| 090 |
_a3573883 _c3573883 |
||
| 100 | _a20121008d2012 |||y0rusy50 ca | ||
| 101 | 0 | _arus | |
| 102 | _aRU | ||
| 105 | _ay ||||||||| | ||
| 200 | 1 | _aОрганизация, схемотехника и микропрограммирование процессоров ЭВМ: метод. указ. | |
| 210 |
_aМосква _cМГУПС _d2012 |
||
| 215 | _d21 | ||
| 700 | 1 |
_aМамченко _bА Е _4070 |
|
| 701 | 1 |
_aШамров _bМ И _4070 |
|
| 801 | 0 |
_aRU _bNLR _c20121008 _gRCR |
|
| 801 | 1 |
_aRU _bNLR _c20121008 |
|
| 942 | _cBOOK | ||
| 980 | _aNB | ||